000 00589nam a2200193 4500
001 3303
005 20181127170957.0
010 0 0 _a
020 0 0 _a
090 0 0 _a720.07 K156r
110 _aKamla Raheja Vidyanidhi Institute for Architecture.
_b
_c
_d
_e
_n
_p
245 0 0 _aReflections 2011 :
_bA review : 2007-2011 /
_cKamla Raheja Vidyandidhi Institute for Architecture.
_h
250 0 0 _a
260 0 0 _aMumbai :
_bKamla Raheja Vidyanidhi Institute for Architecture,
_c[2011].
300 0 0 _a116 p.
500 0 0 _a
650 0 0 _aArchitecture --Philosophy.
_x
650 0 0 _aArchitecture practice.
_x
999 _c2667
_d2667